• 首页
  • 本馆介绍
  • 公告通知
  • 最新文献
  • 馆藏检索
  • 电子资源
  • 读者导购
  • 参考咨询
  • 我的图书馆
  • 登录
  • 详细信息显示
  • 放入我的书架
  • 预约/预借图书
  • 作者相关作品
  • 分类相关作品
  • 丛书相关作品
  • 出版社相关作品

书目信息

  • 表格格式
  • 工作单格式
  • 卡片格式
题名:
建筑电工学
    
 
作者: 苏刚 , 王秀丽 主编
分册: 上册  
出版信息: 天津   天津大学出版社  2020.7
页数: 192页
开本: 26cm
丛书名:
单 册:
中图分类: TU85
科图分类:
主题词: 建筑工程--电工学--教材 , 建筑工程 , 电工学
电子资源:
ISBN: 978-7-5618-2762-8
000 00847nam0 2200277 45
001 012001000156
005 20211012142155.18
010    @a978-7-5618-2762-8@dCNY35.00
100    @a20081106d2008 em y0chiy50 ea
101 0  @achi
102    @aCN@b120000
105    @ay z 000yy
106    @ar
200 1  @a建筑电工学@Ajian zhu dian gong xue@h上册@b专著@f苏刚,王秀丽主编
210    @a天津@c天津大学出版社@d2020.7
215    @a192页@d26cm
300    @a建筑电气专业系列教材
330    @a本书主要介绍了电路理论的基本知识,内容包括:直流电路、正弦交流电路、三相交流电路、磁路和变压器等。
606 0  @a建筑工程@x电工学@j教材
606 0  @a建筑工程
606 0  @a电工学
690    @aTU85@v4
701  0 @a苏刚@Asu gang@4主编
701  0 @a王秀丽@Awang xiu li@4主编
801  0 @aCN@bBJSDL@c20211011
905    @b1330596-9@dTU85@e1826:1@f4
    
    建筑电工学.上册/苏刚,王秀丽主编.-天津:天津大学出版社,2020.7
    192页;26cm
    建筑电气专业系列教材
    
    ISBN 978-7-5618-2762-8:CNY35.00
    本书主要介绍了电路理论的基本知识,内容包括:直流电路、正弦交流电路、三相交流电路、磁路和变压器等。
●
相关链接 在E读中查询图书 在五车中查询图书 在当当中查询图书 在豆瓣中查询图书


正题名:建筑电工学     索取号:TU85/1826:1         预约/预借

序号 登录号 条形码 馆藏地/架位号 状态 备注
1 1330596   213305966   第二样本阅览室/ [索取号:TU85/1826:1] 在馆    
2 1330597   213305975   第三借阅区/ [索取号:TU85/1826:1] 在馆    
3 1330598   213305984   第三借阅区/ [索取号:TU85/1826:1] 在馆    
4 1330599   213305993   第三借阅区/ [索取号:TU85/1826:1] 在馆    
唐山师范学院图书馆 欢迎您!
大连网信软件有限公司© 版权所有